State politics new dimensions: party system, liberalisation and politics of identity (Record no. 391267)

000 -LEADER
fixed length control field 00550cam a22001697a 4500
008 - FIXED-LENGTH DATA ELEMENTS--GENERAL INFORMATION
fixed length control field 180718b2000 xxu||||| |||| 00| 0 eng d
020 ## - INTERNATIONAL STANDARD BOOK NUMBER
International Standard Book Number 817541037X
082 ## - DEWEY DECIMAL CLASSIFICATION NUMBER
Classification number F51x54 P152
100 ## - MAIN ENTRY--PERSONAL NAME
Personal name Pai, Sudha
245 ## - TITLE STATEMENT
Title State politics new dimensions: party system, liberalisation and politics of identity
Statement of responsibility, etc. by Sudha Pai
260 ## - PUBLICATION, DISTRIBUTION, ETC.
Place of publication, distribution, etc. Delhi
Name of publisher, distributor, etc. Shipra
Date of publication, distribution, etc. 2000
300 ## - PHYSICAL DESCRIPTION
Extent 284p.
650 ## - SUBJECT ADDED ENTRY--TOPICAL TERM
Topical term or geographic name entry element India - Politics and government
650 ## - SUBJECT ADDED ENTRY--TOPICAL TERM
Topical term or geographic name entry element Political parties - Tamilnadu
650 ## - SUBJECT ADDED ENTRY--TOPICAL TERM
Topical term or geographic name entry element Political parties - Uttar Pradesh
650 ## - SUBJECT ADDED ENTRY--TOPICAL TERM
Topical term or geographic name entry element Political parties - India
Holdings
Withdrawn status Lost status Damaged status Not for loan Permanent Location Current Location Date acquired Full call number Barcode Date last seen Price effective from Koha item type
        Indian Institute of Public Administration Indian Institute of Public Administration 2000-02-22 F51x54 P152 74856 2018-07-21 2018-07-21 Book

Powered by Koha